000 00622cam a22002291 4500
001 sa 66001703
003 DLC
005 20260227112224.0
008 890619s1965 ii acj b 000 0 hino
010 _asa 66001703
035 _a(OCoLC)19891750
040 _aDLC
_cWaU
_dDLC
042 _apremarc
050 0 0 _aPK2098.P7
_bZ63
100 1 _aChakravarty, Vasant,
_d1931-
245 0 0 _aPrasāda kī dārśanika cetanā.
260 _c[1965]
300 _a563 p.
_billus., geneal. tables, port.
_c22 cm.
500 _aIn Hindi.
504 _aBibliography: p. [552]-563.
600 1 0 _aPrasad, Jai Shankar,
_d1889-1937.
999 _c67932
_d67932